Google Product Logos - Statistics

General Stats
  • This quiz has been taken 16,697 times
  • The average score is 10 of 15
Answer Stats
Picture Answer % Correct
YouTube
99%
Google Chrome
98%
Gmail
97%
Google Maps
91%
Mozilla Firefox
89%
Google Translate
85%
Google Drive
76%
Google Calendar
75%
Android
57%
Google Ads
55%
Google Play Music
55%
Google Photos
45%
Google Earth
34%
Google Assistant
25%
Google News
21%
No matching quizzes found
Score Distribution
Percent of People with Each Score
Percentile by Number Answered
Your Score History
You have not taken this quiz